Pandora's box [dvd] (Record no. 273)

MARC details
000 -LEADER
fixed length control field 03493ngm a2200349 a 4500
001 - CONTROL NUMBER
control field ASINB0000667MT
005 - DATE AND TIME OF LATEST TRANSACTION
control field 20200421093825.0
008 - FIXED-LENGTH DATA ELEMENTS--GENERAL INFORMATION
fixed length control field 130215s2002 xxu eng d
020 ## - INTERNATIONAL STANDARD BOOK NUMBER
Terms of availability £19.99
028 42 - PUBLISHER OR DISTRIBUTOR NUMBER
Publisher or distributor number 5028836030362
Source Second Sight
245 10 - TITLE STATEMENT
Title Pandora's box [dvd]
Medium [videorecording] /
Statement of responsibility, etc. Louise Brooks, Fritz Kortner, Francis Lederer, Carl Goetz, Krafft-Raschig, Louise Brooks, Fritz Kortner, Gunther Krampf, Georg Wilhelm Pabst, Joseph Fleisler, Joseph Fleisler, Heinz Landsmann, Seymour Nebenzal, Frank Wedekind, Ladislaus Vajda.
260 ## - PUBLICATION, DISTRIBUTION, ETC.
Place of publication, distribution, etc. [S.l.] :
Name of publisher, distributor, etc. Second Sight,
Date of publication, distribution, etc. 2002.
300 ## - PHYSICAL DESCRIPTION
Extent 1 videodisc (105 min.) :
Other physical details sd., col ;
Dimensions 4 3/4 in.
511 1# - PARTICIPANT OR PERFORMER NOTE
Participant or performer note Starring Louise Brooks, Fritz Kortner, Francis Lederer, Carl Goetz, Krafft-Raschig.
520 ## - SUMMARY, ETC.
Summary, etc. Made at the very end of the silent era, Pandora's Box is one of the last flowerings of German cinema's greatest decade. It also marked the highpoint of two careers: Austrian director GW Pabst and American actress Louise Brooks. A merge of two linked plays by the decadent German playwright Frank Wedekind, it's the story of Lulu, the archetypal femme fatale (the same plays served as source for Alban Berg's masterly 1935 opera). At once sensual and innocent, a force of uninhibited sexuality, Lulu brings ruin on all her lovers both male and female, and ultimately upon herself. Hollywood never knew what to do with Brooks who, with her fierce intelligence and her open delight in sex, refused to play the coy flappers then in fashion. In Pabst, whose genius, she wrote, "lay in getting to the heart of a person", she found the director she needed, and he brought out her a screen persona with a depth of eroticism that's still breathtaking to see. The film features some of the finest German acting talent of the period--Fritz Kortner, Franz Lederer--but it's Brooks' luminous performance that rivets the eye and makes her a great screen icon. Though the action is nominally set in the late-19th century--Lulu ends up in a shadowy London where she encounters Jack the Ripper-- Pandora's Box breathes the gamey air of the Weimar Republic, vividly captured by G�nther Krampf's pungent photography. This release runs well over two hours and includes, for the first time in decades, over 30 minutes of cut footage, restoring the film to something very close to Pabst's original masterpiece. On the DVD: Pandora's Box on DVD is a clean, crisp transfer in the classic 4:3 ratio, and the mono soundtrack brings out all the detail of Peer Rubens' Kurt Weill-inflected score, stylishly performed by the Kontraste Ensemble. Dialogue intertitles can be read in either English or German. We also get an outstanding 60-minute documentary, Looking for Lulu , about Brooks' life and career: warmly narrated by Shirley MacLaine, it features excerpts from an interview with Brooks from 1976. -- Philip Kemp.
521 ## - TARGET AUDIENCE NOTE
Target audience note Parental Guidance.
538 ## - SYSTEM DETAILS NOTE
System details note PAL.
700 1# - ADDED ENTRY--PERSONAL NAME
Personal name Brooks, Louise,
Dates associated with a name 1906-1985
700 1# - ADDED ENTRY--PERSONAL NAME
Personal name Kortner, Fritz.
9 (RLIN) 914
700 1# - ADDED ENTRY--PERSONAL NAME
Personal name Lederer, Francis.
9 (RLIN) 915
700 1# - ADDED ENTRY--PERSONAL NAME
Personal name Goetz, Carl.
9 (RLIN) 916
700 1# - ADDED ENTRY--PERSONAL NAME
Personal name Krafft-Raschig.
9 (RLIN) 917
700 1# - ADDED ENTRY--PERSONAL NAME
Personal name Krampf, Gunther.
9 (RLIN) 918
700 1# - ADDED ENTRY--PERSONAL NAME
Personal name Pabst, Georg Wilhelm.
9 (RLIN) 919
700 1# - ADDED ENTRY--PERSONAL NAME
Personal name Fleisler, Joseph.
9 (RLIN) 920
700 1# - ADDED ENTRY--PERSONAL NAME
Personal name Landsmann, Heinz.
9 (RLIN) 921
700 1# - ADDED ENTRY--PERSONAL NAME
Personal name Nebenzal, Seymour.
9 (RLIN) 922
700 1# - ADDED ENTRY--PERSONAL NAME
Personal name Wedekind, Frank.
9 (RLIN) 923
700 1# - ADDED ENTRY--PERSONAL NAME
Personal name Vajda, Ladislaus.
9 (RLIN) 924
856 40 - ELECTRONIC LOCATION AND ACCESS
Materials specified Amazon.com
Uniform Resource Identifier <a href="http://www.amazon.co.uk/exec/obidos/ASIN/B0000667MT/chopaconline-20">http://www.amazon.co.uk/exec/obidos/ASIN/B0000667MT/chopaconline-20</a>
942 ## - ADDED ENTRY ELEMENTS (KOHA)
Source of classification or shelving scheme Dewey Decimal Classification
Koha item type Visual Materials
Holdings
Withdrawn status Lost status Damaged status Not for loan Collection Home library Current library Shelving location Date acquired Barcode Date last seen Price effective from Koha item type
        Non-fiction Centerville Centerville Audio visual 09/04/2014 39999000011852 09/04/2014 09/04/2014 Visual Materials
        Non-fiction Midway Midway Audio visual 09/04/2014 39999000011876 09/04/2014 09/04/2014 Visual Materials